| 000 | 00772nam a22001815i 4500 | ||
|---|---|---|---|
| 001 | 161950 | ||
| 003 | ES-MaACL | ||
| 005 | 20230906212406.0 | ||
| 008 | 041029s1896 fr |||| | fre d | ||
| 100 | 1 |
_aPeronnet, Ch. _9131035 |
|
| 245 | 1 | 3 |
_aLa conciliation et l'arbitrage en matière de conflits collectifs entre patrons et ouvriers ou employés _b: thèse por le doctorat / _cpar Ch. Peronnet. |
| 260 |
_aParis : _bLibrairie de la Sociéte du Recueil Général des Lois et des arréts : _bL. Larose et Forcel, _c1896. |
||
| 300 |
_a346 p. ; _c24 cm. |
||
| 594 | _aPrecede al tít.: Faculté de Droit de Paris. | ||
| 650 | 4 |
_aConflictos laborales. _9171201 |
|
| 710 | 2 |
_aUniversité de Paris. _bFaculté de Droit. _97484 |
|
| 852 |
_aES-MaACL _jF-9660 _z- Enc. hol. |
||
| 999 |
_c161950 _d161950 |
||